Geography Multiple Choice #2 - Statistics

General Stats
  • This quiz has been taken 52 times
  • The average score is 10 of 15
Answer Stats
Question Answer % Correct
In which European city was the first organized marathon held? Athens, Greece
95%
What is the official currency of the United Kingdom? Pound Sterling
95%
What is the capital of Australia? Canberra
91%
What country formerly ruled Iceland? Denmark
86%
What country is known to have the best quality tap water? Switzerland
82%
What is the highest mountain in North America? Mount Denali
77%
In what city are the Spanish Steps located ? Rome, Italy
73%
How many countries are there in Africa? 54
68%
What country was not part of the Soviet Union? Romania
68%
Pierre is the capital of what US state? South Dakota
64%
What is the name of the Earth's largest desert not in Africa? Arctic Desert
50%
Which country is known as the "Land of a Thousand Lakes"? Finland
50%
Which country is known as the "Land of the Midnight Sun"? Norway
50%
How many countries are located in the Southern Hemisphere? 32
18%
What is the name of the largest city in Australia? Brisbane
14%
No matching quizzes found
Score Distribution
Percent of People with Each Score
Percentile by Number Answered
Your Score History
You have not taken this quiz